000
00207 a2200097 4500
001
28607
100
_a
Shotbolt, C R
245
_a
Workshop Technology Bk-1
260
_a
_b
Cassell
_c
090
_c
19144
_d
19144
942
_a
NUST-CAE
_c
M
_c
10163
999
_c
263680
_d
263680